[Event "Florianopolis op 10th"]
[Site "Florianopolis"]
[Date "2024.01.25"]
[Round "7"]
[White "Boeck, Moacir Luis"]
[Black "Delgado, Lidio Dias"]
[Result "0-1"]
[WhiteElo "1900"]
[BlackElo "2110"]
[PlyCount "60"]
[EventDate "2024.01.20"]
[EventType "swiss"]
[EventRounds "10"]
[EventCountry "BRA"]
[SourceTitle "CB05_2024"]
[SourceDate "2024.01.31"]
[SourceVersion "1"]
[SourceVersionDate "2024.01.31"]
[SourceQuality "1"]

1. e4 g6 2. c4 c5 3. Nc3 Bg7 4. Nge2 Nc6 5. g3 d6 6. Bg2 h5 7. h4 Bg4 8. f3 Bd7 9. d3 a6 10. Be3 b5 11. Qd2 Nd4 12. 0-0 Rb8 13. Bf2 b4 14. Nd5 e6 15. Ndf4 Ne7 16. Nxd4 cxd4 17. Ne2 e5 18. Kh2 Bh6 19. f4 Bg4 20. Nc1 0-0 21. Bh3 f5 22. Bg2 exf4 23. Qc2 fxg3+ 24. Bxg3 f4 25. Bf2 f3 26. Bh3 Bf4+ 27. Bg3 Qc7 28. Qf2 Be3 29. Qc2 Qc5 30. Qa4 f2 0-1

[Event "Florianopolis op 10th"]
[Site "Florianopolis"]
[Date "2024.01.24"]
[Round "6"]
[White "De Haro, Martim Alfonso"]
[Black "Boeck, Moacir Luis"]
[Result "0-1"]
[WhiteElo "1704"]
[BlackElo "1900"]
[PlyCount "86"]
[EventDate "2024.01.20"]
[EventType "swiss"]
[EventRounds "10"]
[EventCountry "BRA"]
[SourceTitle "CB05_2024"]
[SourceDate "2024.01.31"]
[SourceVersion "1"]
[SourceVersionDate "2024.01.31"]
[SourceQuality "1"]

1. d4 Nf6 2. Nf3 d5 3. g3 Bf5 4. Bg2 e6 5. 0-0 Be7 6. c4 c6 7. Nc3 h6 8. b3 0-0 9. Bb2 Nbd7 10. Nd2 Bh7 11. f3 e5 12. dxe5 Nxe5 13. Nxd5 Nxd5 14. cxd5 Qxd5 15. Bxe5 Qxe5 16. Nc4 Qc5+ 17. Kh1 Rad8 18. Qe1 Rfe8 19. f4 Bf6 20. Rc1 Qd4 21. e3 Qd3 22. Rf2 b5 23. Rd2 bxc4 24. Rxd3 cxd3 25. Qd2 Be4 26. Bxe4 Rxe4 27. Kg2 Be7 28. Kf3 Bb4 29. Qd1 Re6 30. Rc4 c5 31. e4 Ra6 32. a4 Rad6 33. e5 Rd5 34. Re4 Rd4 35. Re3 d2 36. f5 Rd3 37. Rxd3 Rxd3+ 38. Ke4 Rd4+ 39. Ke3 a5 40. e6 fxe6 41. Qh5 exf5 42. Qe8+ Kh7 43. Qf7 Rd8 0-1

[Event "Florianopolis op 10th"]
[Site "Florianopolis"]
[Date "2024.01.22"]
[Round "4"]
[White "Silva, Henrique Brasil Bar"]
[Black "Boeck, Moacir Luis"]
[Result "1/2-1/2"]
[WhiteElo "1590"]
[BlackElo "1900"]
[PlyCount "133"]
[EventDate "2024.01.20"]
[EventType "swiss"]
[EventRounds "10"]
[EventCountry "BRA"]
[SourceTitle "CB05_2024"]
[SourceDate "2024.01.31"]
[SourceVersion "1"]
[SourceVersionDate "2024.01.31"]
[SourceQuality "1"]

1. e4 c5 2. Nf3 d6 3. Bb5+ Bd7 4. Bxd7+ Qxd7 5. Nc3 Nc6 6. d3 g6 7. 0-0 Bg7 8. h3 e6 9. Re1 Nge7 10. Bd2 0-0 11. Qc1 Nd4 12. Nxd4 cxd4 13. Ne2 d5 14. exd5 Nxd5 15. Bh6 Rac8 16. Bxg7 Kxg7 17. Nxd4 Nb4 18. Qe3 Nxc2 19. Nxc2 Rxc2 20. Qe5+ Kg8 21. Re3 Rfc8 22. Rd1 Qa4 23. Ra1 R2c5 24. Qe4 Qb5 25. Re2 Rd5 26. Rd2 Qa5 27. b4 Qa3 28. Kh2 Rcd8 29. Rc2 Qxd3 30. Qxd3 Rxd3 31. Re1 R8d4 32. Rb2 Kg7 33. g3 Rd2 34. Reb1 b5 35. Kg2 e5 36. Rxd2 Rxd2 37. a4 a6 38. a5 e4 39. Re1 Rd4 40. Rc1 Rxb4 41. Rc6 Rb2 42. Kf1 b4 43. Rxa6 b3 44. Rb6 Rb1+ 45. Kg2 b2 46. h4 h5 47. a6 Ra1 48. Rxb2 Rxa6 49. Re2 Re6 50. Re3 f5 51. Ra3 Kf6 52. Ra5 Rd6 53. Ra2 Re6 54. Ra5 e3 55. fxe3 Rxe3 56. Ra6+ Re6 57. Ra5 Re4 58. Ra6+ Kg7 59. Ra7+ Kh6 60. Ra6 Rg4 61. Kh3 Re4 62. Rb6 Re3 63. Kg2 Kg7 64. Kf2 Re7 65. Kf3 Kf7 66. Ra6 Rb7 67. Rc6 1/2-1/2

[Event "Timbo op 3rd"]
[Site "Timbo"]
[Date "2023.11.03"]
[Round "1"]
[White "Botelho, Davi Arthur Volpi"]
[Black "Boeck, Moacir Luis"]
[Result "0-1"]
[WhiteElo "1230"]
[BlackElo "1889"]
[PlyCount "90"]
[EventDate "2023.11.03"]
[EventType "swiss"]
[EventRounds "6"]
[EventCountry "BRA"]
[SourceTitle "CB49_2023"]
[SourceDate "2023.12.06"]
[SourceVersion "1"]
[SourceVersionDate "2023.12.06"]
[SourceQuality "1"]

1. c4 Nf6 2. Nc3 g6 3. e4 d6 4. g3 c5 5. Bg2 Nc6 6. Nf3 Bg7 7. d3 0-0 8. 0-0 e6 9. Be3 Rb8 10. h3 b6 11. Qd2 Bb7 12. Bh6 a6 13. Bxg7 Kxg7 14. Nh4 e5 15. f4 Nd4 16. fxe5 dxe5 17. Rad1 Nh5 18. Kh2 h6 19. Nf3 Nxf3+ 20. Bxf3 Nf6 21. Rf2 Ne8 22. Rdf1 Nd6 23. Bg4 h5 24. Be6 Qe7 25. Bd5 Bc8 26. a4 Qd7 27. g4 hxg4 28. hxg4 Qxg4 29. Rg2 Qh4+ 30. Kg1 Bh3 31. Rh2 Qg3+ 32. Kh1 Bxf1 33. Qh6+ Kf6 34. Bc6 Nxc4 35. dxc4 Rh8 36. Nd5+ Ke6 37. Nc7+ Kd6 38. Qd2+ Kxc6 39. Qd5+ Kxc7 40. Qxf7+ Kd6 41. Qf6+ Kc7 42. Qe7+ Kc6 43. Qe6+ Kb7 44. Qd7+ Ka8 45. Qc6+ Ka7 0-1

[Event "Joacaba op 2nd"]
[Site "Joacaba"]
[Date "2023.07.01"]
[Round "2"]
[White "Dos Santos, Felipe Gabriel"]
[Black "Boeck, Moacir Luis"]
[Result "0-1"]
[WhiteElo "1771"]
[BlackElo "1862"]
[PlyCount "56"]
[EventDate "2023.06.30"]
[EventType "swiss"]
[EventRounds "6"]
[EventCountry "BRA"]
[SourceTitle "CBM 215 Extra"]
[Source "ChessBase"]
[SourceDate "2023.09.30"]
[SourceVersion "1"]
[SourceVersionDate "2023.09.30"]
[SourceQuality "1"]

1. e4 c5 2. Nf3 d6 3. d4 cxd4 4. Nxd4 Nf6 5. Nc3 a6 6. Bd3 e5 7. Nde2 Be7 8. Be3 b5 9. f4 Bb7 10. Qd2 Nbd7 11. h3 Qc7 12. Ng3 g6 13. 0-0-0 Nc5 14. Kb1 h5 15. Rhf1 h4 16. fxe5 dxe5 17. Rxf6 Bxf6 18. Bxb5+ axb5 19. Nxb5 Qa5 20. Qxa5 Rxa5 21. Nd6+ Kf8 22. Bxc5 Rxc5 23. Nxb7 Rc7 24. Ne2 Rxb7 25. a4 Kg7 26. Nc3 Rc7 27. Nd5 Rc4 28. Rf1 Bd8 0-1

[Event "Timbo op 2nd"]
[Site "Timbo"]
[Date "2022.02.18"]
[Round "2"]
[White "Boeck, Moacir Luis"]
[Black "Matsuura, Everaldo"]
[Result "0-1"]
[WhiteElo "1873"]
[BlackElo "2441"]
[PlyCount "42"]
[EventDate "2022.02.17"]
[EventType "swiss"]
[EventRounds "7"]
[EventCountry "BRA"]
[SourceTitle "EXT 2023"]
[Source "ChessBase"]
[SourceDate "2022.10.05"]
[SourceVersion "1"]
[SourceVersionDate "2022.10.05"]
[SourceQuality "1"]

1. e4 d5 2. exd5 Nf6 3. Nc3 Nxd5 4. Nge2 e5 5. Nxd5 Qxd5 6. d4 Nc6 7. Be3 Bg4 8. f3 Bxf3 9. Nc3 Bb4 10. gxf3 exd4 11. a3 Bxc3+ 12. bxc3 Qe6 13. cxd4 Qxe3+ 14. Qe2 Qxe2+ 15. Bxe2 Nxd4 16. Bd1 0-0-0 17. Rg1 Rhe8+ 18. Kf2 Nf5 19. f4 Rd2+ 20. Kf3 Re3+ 21. Kg4 Nh6+ 0-1

[Event "Timbo op 2nd"]
[Site "Timbo"]
[Date "2022.02.18"]
[Round "3"]
[White "Wiltner, Camille Christina A"]
[Black "Boeck, Moacir Luis"]
[Result "0-1"]
[WhiteElo "1410"]
[BlackElo "1873"]
[PlyCount "106"]
[EventDate "2022.02.17"]
[EventType "swiss"]
[EventRounds "7"]
[EventCountry "BRA"]
[SourceTitle "EXT 2023"]
[Source "ChessBase"]
[SourceDate "2022.10.05"]
[SourceVersion "1"]
[SourceVersionDate "2022.10.05"]
[SourceQuality "1"]

1. e4 c5 2. Nf3 e6 3. d4 cxd4 4. Nxd4 a6 5. a3 Nf6 6. Nc3 Qc7 7. Be2 b5 8. 0-0 Bb7 9. Bf3 d6 10. Be3 Nbd7 11. Re1 Ne5 12. Bg5 Be7 13. Qc1 Rc8 14. Bd1 Nc4 15. f3 Qc5 16. Be3 Nxe3 17. Qxe3 Nd7 18. Nb3 Qxe3+ 19. Rxe3 Ne5 20. Na5 Ba8 21. Kh1 Bd8 22. f4 Bxa5 23. fxe5 dxe5 24. Be2 Bb6 25. Rg3 Bd4 26. Bd3 0-0 27. Rb1 Bxc3 28. bxc3 Rxc3 29. Rb3 Rxb3 30. cxb3 Rc8 31. Kg1 Rc3 32. Be2 Rxg3 33. hxg3 Bxe4 34. Bf3 Bd5 35. b4 Kf8 36. Kf2 Ke7 37. Ke3 Kd6 38. g4 f5 39. g3 g5 40. Bd1 f4+ 41. gxf4 exf4+ 42. Kf2 Ke5 43. a4 Kd4 44. axb5 axb5 45. Bc2 e5 46. Bxh7 e4 47. Bf5 e3+ 48. Ke1 f3 49. Bc2 f2+ 50. Kf1 Bc4+ 51. Kg2 f1Q+ 52. Kg3 Qf2+ 53. Kh3 Bf1# 0-1

[Event "Pan American-ch U2000"]
[Site "Timbo"]
[Date "2021.12.02"]
[Round "4"]
[White "Boeck, Moacir Luis"]
[Black "Predebon, Eduardo Angonesi"]
[Result "1/2-1/2"]
[WhiteElo "1878"]
[BlackElo "1752"]
[PlyCount "54"]
[EventDate "2021.12.01"]
[EventType "swiss"]
[EventRounds "9"]
[EventCountry "BRA"]
[SourceTitle "CBM 205 Extra"]
[Source "ChessBase"]
[SourceDate "2022.01.31"]
[SourceVersion "1"]
[SourceVersionDate "2022.01.31"]
[SourceQuality "1"]

1. d4 Nf6 2. c4 c5 3. Nf3 cxd4 4. Nxd4 e5 5. Nf3 Nc6 6. Nc3 Bb4 7. g3 d5 8. cxd5 Nxd5 9. Bd2 Nxc3 10. bxc3 Bc5 11. Bg2 0-0 12. Qc2 Bg4 13. Qe4 Qd7 14. Rd1 Bf5 15. Qc4 Bb6 16. 0-0 Rac8 17. Qb5 Qc7 18. c4 a6 19. Qb2 Bg4 20. Rb1 Ba5 21. Bxa5 Nxa5 22. Nxe5 Nxc4 23. Nxc4 Qxc4 24. Rfc1 Qxe2 25. Qxe2 Bxe2 26. Bxb7 Rxc1+ 27. Rxc1 Rd8 1/2-1/2

[Event "Pocos de Caldas op"]
[Site "Pocos de Caldas"]
[Date "2017.03.12"]
[Round "6"]
[White "Boeck, Moacir Luis"]
[Black "Dos Santos, Haroldo Cunha Jr"]
[Result "0-1"]
[WhiteElo "1833"]
[BlackElo "2207"]
[PlyCount "117"]
[EventDate "2017.03.10"]
[EventType "swiss"]
[EventRounds "6"]
[EventCountry "BRA"]
[SourceTitle "EXT 2018"]
[Source "ChessBase"]
[SourceDate "2017.10.13"]
[SourceVersion "1"]
[SourceVersionDate "2017.10.13"]
[SourceQuality "1"]

1. d4 d5 2. c4 c6 3. Nf3 Nf6 4. Nc3 Bf5 5. Qb3 Qb6 6. Qxb6 axb6 7. cxd5 cxd5 8. Nh4 Bd7 9. Bg5 e6 10. Bxf6 gxf6 11. e3 Bb4 12. Bd3 Ke7 13. 0-0 Rc8 14. Rfc1 Bxc3 15. bxc3 Ra3 16. Bf1 Rcxc3 17. Rxc3 Rxc3 18. Rb1 Rc2 19. Rxb6 Bc6 20. Nf3 Rxa2 21. g3 Nd7 22. Rb1 f5 23. Bd3 Nf6 24. Ne5 Ng4 25. Nxc6+ bxc6 26. Rf1 Rd2 27. Ba6 Kd6 28. h3 Nf6 29. Re1 Ne4 30. Re2 Rd1+ 31. Kg2 c5 32. dxc5+ Nxc5 33. Ra2 Rb1 34. Be2 Rb7 35. Ra8 Nd7 36. Rh8 Nf6 37. Ra8 Ke7 38. Ra2 e5 39. Ra4 Ne4 40. Kf1 Nc5 41. Rh4 Rb1+ 42. Kg2 Re1 43. Bf1 Ne4 44. Rxh7 d4 45. exd4 exd4 46. Bc4 Nd6 47. Bb3 d3 48. g4 d2 49. g5 Kf8 50. Rh8+ Kg7 51. Rh4 d1Q 52. Bxd1 Rxd1 53. Rf4 Kg6 54. h4 Ne8 55. Ra4 Ng7 56. Ra6+ Ne6 57. Rb6 Rd4 58. Kg3 Rg4+ 59. Kh3 0-1

[Event "Joinville op U220"]
[Site "Joinville"]
[Date "2017.02.18"]
[Round "4"]
[White "Boeck, Moacir Luis"]
[Black "Sekula, Markley Ribas"]
[Result "0-1"]
[WhiteElo "1833"]
[BlackElo "2059"]
[PlyCount "78"]
[EventDate "2017.02.17"]
[EventType "swiss"]
[EventRounds "7"]
[EventCountry "BRA"]
[SourceTitle "CBM 177 Extra"]
[Source "ChessBase"]
[SourceDate "2017.04.27"]
[SourceVersion "1"]
[SourceVersionDate "2017.04.27"]
[SourceQuality "1"]

1. d4 d6 2. e4 Nf6 3. Nc3 g6 4. Be2 Bg7 5. Be3 a6 6. e5 Nfd7 7. f4 c5 8. Nf3 0-0 9. 0-0 cxd4 10. Bxd4 Nc6 11. Re1 dxe5 12. fxe5 Ndxe5 13. Bxe5 Nxe5 14. Nxe5 Bxe5 15. Kh1 Bxc3 16. bxc3 Qc7 17. Bf3 Be6 18. Rb1 Rad8 19. Qc1 b5 20. Qa3 Rd6 21. Re3 Rfd8 22. Rbe1 Qc4 23. Qb4 Qxa2 24. Qh4 Qxc2 25. Be4 Qa4 26. Qxe7 Rd1 27. h4 Rxe1+ 28. Rxe1 Rd1 29. Rxd1 Qxd1+ 30. Kh2 Qd7 31. Qf6 Qd6+ 32. Kg1 a5 33. h5 Qc5+ 34. Kf1 Qxh5 35. Qd8+ Kg7 36. Qxa5 Qh1+ 37. Ke2 Bc4+ 38. Ke3 Qe1+ 39. Kd4 Qf2+ 0-1

[Event "Blumenau Ann 100 op"]
[Site "Blumenau"]
[Date "2016.09.24"]
[Round "2"]
[White "Boeck, Moacir Luis"]
[Black "Pereira, Geanfrancesco"]
[Result "0-1"]
[WhiteElo "1805"]
[BlackElo "1944"]
[PlyCount "66"]
[EventDate "2016.09.23"]
[EventType "swiss"]
[EventRounds "6"]
[EventCountry "BRA"]
[SourceTitle "CBM 174 Extra"]
[Source "ChessBase"]
[SourceDate "2016.10.10"]
[SourceVersion "1"]
[SourceVersionDate "2016.10.10"]
[SourceQuality "1"]

1. d4 Nf6 2. Bg5 Ne4 3. Bh4 c5 4. dxc5 Nc6 5. Nf3 Nxc5 6. e3 g6 7. Bc4 Bg7 8. c3 0-0 9. 0-0 Qb6 10. Qc1 a5 11. Na3 e6 12. Nb5 d5 13. Be2 e5 14. Rd1 Be6 15. Ng5 a4 16. c4 d4 17. exd4 Nxd4 18. Nxd4 exd4 19. Nxe6 fxe6 20. Be7 d3 21. Bxc5 Qxc5 22. Bf3 a3 23. b4 Qxb4 24. Rb1 Bb2 25. Qe3 Qxc4 26. Qxd3 Qxa2 27. Bxb7 Rad8 28. Qc2 Kh8 29. g3 e5 30. Rxd8 Rxd8 31. Rd1 Rxd1+ 32. Qxd1 Bd4 33. Qf3 Qxf2+ 0-1

[Event "Catarinense-ch"]
[Site "Tres Barras"]
[Date "2016.06.25"]
[Round "4"]
[White "De Oliveira, Guilherme Alfredo B"]
[Black "Boeck, Moacir Luis"]
[Result "1/2-1/2"]
[WhiteElo "1799"]
[BlackElo "1802"]
[PlyCount "72"]
[EventDate "2016.06.23"]
[EventType "swiss"]
[EventRounds "7"]
[EventCountry "BRA"]
[SourceTitle "EXT 2017"]
[Source "ChessBase"]
[SourceDate "2016.10.25"]
[SourceVersion "1"]
[SourceVersionDate "2016.10.25"]
[SourceQuality "1"]

1. d4 Nf6 2. c4 g6 3. Nc3 Bg7 4. e4 d6 5. Be2 0-0 6. g4 c5 7. d5 e6 8. g5 Ne8 9. Be3 exd5 10. exd5 Nd7 11. h4 f5 12. Nh3 Ne5 13. Nf4 Nc7 14. a4 Bd7 15. Qb3 Rb8 16. Nb5 Nxb5 17. axb5 Qb6 18. Bd2 Qd8 19. Rxa7 Qe7 20. Be3 Ng4 21. Rh3 Be5 22. Kf1 Rbe8 23. Qc2 Bc8 24. Qd2 Qg7 25. Ra2 Qf7 26. Bf3 Qe7 27. Ra1 Qg7 28. Rb1 Re7 29. Kg2 Rfe8 30. Rhh1 Bd7 31. Rhe1 Nxe3+ 32. fxe3 Bxf4 33. exf4 Rxe1 34. Rxe1 Rxe1 35. Qxe1 Qxb2+ 36. Qe2 Qxe2+ 1/2-1/2

[Event "Santa Catarina-ch sf1"]
[Site "Sao Bento do Sul"]
[Date "2016.03.04"]
[Round "2"]
[White "De Oliveira, Gustavo Alfredo Bue"]
[Black "Boeck, Moacir Luis"]
[Result "1-0"]
[WhiteElo "1572"]
[BlackElo "1841"]
[PlyCount "73"]
[EventDate "2016.03.04"]
[EventType "swiss"]
[EventRounds "6"]
[EventCountry "BRA"]
[SourceTitle "EXT 2018"]
[Source "ChessBase"]
[SourceDate "2017.10.13"]
[SourceVersion "1"]
[SourceVersionDate "2017.10.13"]
[SourceQuality "1"]

1. d4 Nf6 2. e3 c5 3. c3 cxd4 4. exd4 d5 5. Bd3 Nc6 6. f4 Bg4 7. Nf3 e6 8. 0-0 Bd6 9. Qe1 Bxf3 10. Rxf3 0-0 11. Rh3 Ne7 12. Bxh7+ Nxh7 13. Qh4 Re8 14. Qxh7+ Kf8 15. g4 Ng8 16. Be3 Qb6 17. Qc2 Qc7 18. Rf3 Nf6 19. h3 b5 20. Nd2 b4 21. c4 dxc4 22. Nxc4 Nd5 23. Raf1 Rac8 24. b3 Nb6 25. Rc1 Nd5 26. Qf2 Qe7 27. Rf1 f5 28. Ne5 Bxe5 29. fxe5 Rc3 30. Bd2 Rxf3 31. Qxf3 g6 32. Bh6+ Kg8 33. gxf5 gxf5 34. Kh2 Kh7 35. Qh5 Nf6 36. exf6 Qc7+ 37. Bf4+ 1-0

[Event "Blumenau Taca Santa Catarina op"]
[Site "Blumenau"]
[Date "2015.11.08"]
[Round "5.17"]
[White "Boeck, Moacir Luis"]
[Black "Reckziegel, Eduardo"]
[Result "1/2-1/2"]
[WhiteElo "1860"]
[BlackElo "1633"]
[PlyCount "87"]
[EventDate "2015.11.06"]
[EventType "swiss"]
[EventRounds "6"]
[EventCountry "BRA"]
[SourceTitle "EXT 2022"]
[Source "ChessBase"]
[SourceDate "2021.10.06"]
[SourceVersion "1"]
[SourceVersionDate "2021.10.06"]
[SourceQuality "1"]

1. d4 Nf6 2. Nf3 d5 3. e3 e6 4. Bd3 c5 5. c3 Nbd7 6. 0-0 Bd6 7. Nbd2 0-0 8. e4 cxd4 9. Nxd4 Nc5 10. Qe2 Nxd3 11. Qxd3 b6 12. Qe2 Qc7 13. h3 Be5 14. Nb5 Qb8 15. exd5 Nxd5 16. Nf3 Bf6 17. Bg5 Bxg5 18. Nxg5 Qf4 19. Nf3 Bb7 20. Rad1 a6 21. Nbd4 Rad8 22. Qe5 Qxe5 23. Nxe5 Nf4 24. Ndc6 Rxd1 25. Rxd1 Re8 26. Rd7 Ba8 27. Rxf7 Ne2+ 28. Kf1 Bxc6 29. Kxe2 Bxg2 30. h4 Bd5 31. c4 Bxc4+ 32. Ke3 Bxa2 33. Rb7 b5 34. Ra7 Bd5 35. Rxa6 g6 36. Rb6 Bc4 37. Nxc4 bxc4 38. Rc6 Rb8 39. Rxc4 Rxb2 40. Kf3 h5 41. Rc7 Kf8 42. Kg3 Rb4 43. f3 Ra4 44. Rb7 1/2-1/2

[Event "Sao Bento do Sul op 5th"]
[Site "Sao Bento do Sul"]
[Date "2015.09.05"]
[Round "4"]
[White "Lebredo Zaragoitia, Gerardo"]
[Black "Boeck, Moacir Luis"]
[Result "1-0"]
[WhiteElo "2183"]
[BlackElo "1862"]
[PlyCount "54"]
[EventDate "2015.09.04"]
[EventType "swiss"]
[EventRounds "6"]
[EventCountry "BRA"]
[SourceTitle "EXT 2016"]
[Source "ChessBase"]
[SourceDate "2015.10.08"]
[SourceVersion "1"]
[SourceVersionDate "2015.10.08"]
[SourceQuality "1"]

1. d4 Nf6 2. c4 g6 3. Nc3 Bg7 4. Nf3 0-0 5. Bg5 c5 6. d5 d6 7. e3 e6 8. Nd2 Qb6 9. Rb1 exd5 10. cxd5 Bf5 11. Nc4 Qc7 12. Rc1 a6 13. a4 Ne4 14. Nxe4 Bxe4 15. Bf4 Be5 16. Bxe5 dxe5 17. f3 Bf5 18. e4 Bd7 19. a5 Bb5 20. Nb6 Ra7 21. b4 Bxf1 22. Kxf1 f5 23. exf5 gxf5 24. Rxc5 Qd8 25. Qd2 Nd7 26. Rc8 Qh4 27. Rxf8+ Nxf8 1-0

[Event "Sao Bento do Sul op 5th"]
[Site "Sao Bento do Sul"]
[Date "2015.09.04"]
[Round "2"]
[White "Boeck, Moacir Luis"]
[Black "Lunelli, Neuri Antonio"]
[Result "1-0"]
[WhiteElo "1862"]
[BlackElo "1782"]
[PlyCount "97"]
[EventDate "2015.09.04"]
[EventType "swiss"]
[EventRounds "6"]
[EventCountry "BRA"]
[SourceTitle "EXT 2016"]
[Source "ChessBase"]
[SourceDate "2015.10.08"]
[SourceVersion "1"]
[SourceVersionDate "2015.10.08"]
[SourceQuality "1"]

1. d4 Nf6 2. Nf3 g6 3. e3 Bg7 4. Bd3 d6 5. 0-0 0-0 6. c3 Nbd7 7. e4 e5 8. Bg5 c6 9. Re1 Qb6 10. Qc1 Re8 11. h3 h6 12. Be3 exd4 13. Bxd4 c5 14. Bxf6 Bxf6 15. Na3 Bg7 16. Nc4 Qc7 17. Qf4 Ne5 18. Rad1 Be6 19. Nfxe5 dxe5 20. Qf3 Rad8 21. b3 Rd7 22. Ne3 Red8 23. Bc4 Qa5 24. Nd5 b5 25. b4 cxb4 26. cxb4 Qa4 27. Bb3 Qa3 28. Ne7+ Kh7 29. Rxd7 Rxd7 30. Bxe6 Qxf3 31. gxf3 fxe6 32. Nc6 Kg8 33. Re3 Bf6 34. Ra3 Be7 35. Rxa7 Rxa7 36. Nxa7 Bxb4 37. Nxb5 Kf8 38. Kf1 Ke7 39. Ke2 Kd7 40. Kd3 Kc6 41. Nc3 Bc5 42. Ke2 Bd4 43. Nd1 Kb5 44. Kd3 Kb4 45. Kc2 Ka3 46. Kb1 Bc5 47. Ne3 Bd4 48. f4 exf4 49. Nc2+ 1-0